00353nam a22001337a 4500003000400000005001700004008004100021020001800062040002900080100001500109245004100124260004600165300000800211OSt20260324151307.0260324b |||||||| |||| 00| 0 eng d a9788123912097 cIIMT UNIVERSITY MEERUT  aA.N. Kalia aTextbook of Industrial Pharmacognosy aNEW DELHI bCBS Publishers & Distributors a285